| 000 | 00497nam a2200169 i 4500 | ||
|---|---|---|---|
| 001 | 97969 | ||
| 003 | ES-MaACL | ||
| 005 | 20230906182207.0 | ||
| 007 | t| | ||
| 008 | 050721s1942 sp ||||1| spa d | ||
| 100 | 1 |
_aMarín Toyos, Daniel. _976816 |
|
| 245 | 1 | 0 |
_aTratado de ecuaciones diferenciales / _cDaniel Marín Toyos. |
| 260 |
_aMadrid : _bNuevas Gráficas, _c1942. |
||
| 300 |
_aVII, 640 p. ; _c26 cm. |
||
| 650 | 0 | 4 |
_aEcuaciones diferenciales. _912044 |
| 852 |
_aES-MaACL _jA-1726 _bR.19987 |
||
| 999 |
_c97969 _d97969 |
||